000 01147naa a22003137a 4500
001 BR7703199
003 BR-BrBNA
005 20240918174000.0
007 ta
008 230509b bl.||||| |||| 00| 0 por d
040 _aBR-BrBNA
_bpor
_cBiblioteca Nacional de Agricultura
041 _a(Pt)
072 _aP00; P20
_b/G514
090 _aP00 BR7703199
100 1 _aBarbosa, J.C. de M.H.
245 1 _aZonas de preservacao: Parques nacionais e reservas equivalentes, criadouros de animais silvestres e parques da caca [Regiao Sudeste; Brasil]
260 3 _aBrasilia, DF (Brasil):
_c1977.
500 _aEncontros Regionais sobre Conservacao da Fauna e Recursos Faunisticos Brasilia, DF (Brasil): 1977. p. 343-369 (BR7703199-AM)P00
650 _aRecurso natural
650 _aRecurso da terra
650 _aParque nacional
650 _aReserva biologica
650 _aCaca
650 _aConservacao
650 _aSudeste
773 0 _tEncontros Regionais sobre Conservacao da Fauna e Recursos Faunisticos
_wP00 BR7703199
_gBrasilia, DF (Brasil), 1977. p. 343-369
909 _a202404
_bLucia
_c55
_dLucia Elande
942 _cAM
_2AGRIS
999 _c308121
_d308121